000 00490nam a22001697a 4500
999 _c62262
_d62262
005 20240906165308.0
008 240906c2010 enk||||| |||| 00| 0 eng d
022 _a0017 8322
041 _aeng
245 _aHastings Law Journal :
_b2010 /
_c Editor J. P. Baslaum.
260 _aCalifornia,
_c2010.
300 _aV.
653 _aსამართალი
653 _aპერიოდიკა
700 _a Baslaum, J. P.
_eრედაქტორი
_923177
942 _2udc
_cCR